000 00508nam a2200157 a 4500
001 000047850
005 20201002060755.0
008 180830s2011 dr a 000 spa d
020 _a9788469471562
040 _aDO-SdBNP
_bspa
_cBNPHU
082 _axxx
_bE791
245 0 _aEstudio comparativo de los presupuestos participativos en República Dominicana, España y Uruguay.
260 _aSanto Domingo :
_bDiputación de Málaga,
_c2011.
300 _a409 p. :
_bil ;
_c18 cm.
590 _aInventariado,2018/DG
999 _c47338
_d47338